Bustamante : (Record no. 9381)

MARC details
000 -LEADER
campo de control de longitud fija 00855cam a22002537 4500
001 - NÚMERO DE CONTROL
campo de control 31609
005 - FECHA Y HORA DE LA ÚLTIMA TRANSACCIÓN
campo de control 20230404130024.0
008 - DATOS DE LONGITUD FIJA--INFORMACIÓN GENERAL
campo de control de longitud fija 910116s2002 flu 000 0 spa
035 ## - NÚMERO DE CONTROL DEL SISTEMA
-- (DLC)ltf90030992
035 ## - NÚMERO DE CONTROL DEL SISTEMA
Número de control de sistema 10519923
010 ## - NÚMERO DE CONTROL DE LA BIBLIOTECA DEL CONGRESO
Número de control de LC ltf90030992
040 ## - FUENTE DE CATALOGACIÓN
Centro catalogador/agencia de origen DLC
Centro/agencia transcriptor DLC
Centro/agencia modificador DLC
050 14 - SIGNATURA TOPOGRÁFICA DE LA BIBLIOTECA DEL CONGRESO
Número de clasificación 107 F 1787
Número de ítem B982b 2002
100 1# - ENTRADA PRINCIPAL--NOMBRE DE PERSONA
Nombre de persona Bustamante y Sirvén, Antonio Sánchez de,
Fechas asociadas al nombre 1865-1951.
245 10 - MENCIÓN DEL TÍTULO
Título Bustamante :
Resto del título fragmentos inmortales /
Mención de responsabilidad, etc. [Antonio Sánchez de Bustamante y Sirvén] ; introducción del Dr. Alberto Sánchez de Bustamante y Parajón.
250 ## - MENCION DE EDICION
Mención de edición Ed. facsimilar
260 ## - PUBLICACIÓN, DISTRIBUCIÓN, ETC.
Lugar de publicación, distribución, etc. Miami, [FL] :
Nombre del editor, distribuidor, etc. Editorial Cubana,
Fecha de publicación, distribución, etc. 2002
300 ## - DESCRIPCIÓN FÍSICA
Extensión xxiii, 401 p. ;
Dimensiones 23 cm.
600 10 - PUNTO DE ACCESO ADICIONAL DE MATERIA--NOMBRE DE PERSONA
Nombre de persona Bustamante y Sirvén, Antonio Sánchez de,
Fechas asociadas al nombre 1865-1961.
651 #0 - PUNTO DE ACCESO ADICIONAL DE MATERIA--NOMBRE GEOGRÁFICO
Nombre geográfico Cuba
Subdivisión general History
650 #0 - PUNTO DE ACCESO ADICIONAL DE MATERIA--TÉRMINO DE MATERIA
Término de materia o nombre geográfico como elemento de entrada Patriotism
Subdivisión geográfica Cuba
942 ## - ELEMENTOS DE ENTRADA SECUNDARIOS (KOHA)
Fuente del sistema de clasificación o colocación Clasificación de Library of Congress
Tipo de ítem Koha
985 ## -
-- cc27
-- enh
Holdings
Estatus retirado Estado de pérdida Fuente del sistema de clasificación o colocación Estado de daño No para préstamo Colección Biblioteca de origen Biblioteca actual Ubicación en estantería Fecha de adquisición Serial enumeration / chronology Total checkouts Signatura topográfica completa Código de barras Visto por última vez Copia número Precio de reemplazo Tipo de ítem Koha
    Clasificación de Library of Congress     Recursos Regionales Biblioteca Juan Bosch Biblioteca Juan Bosch Recursos Regionales (2do. Piso) 04/04/2023 1   107 F 1787 B982b 2002 00000010127 23/10/2018 1 23/10/2018